000 00331nam a2200121Ia 4500
008 190216s9999||||xx |||||||||||||| ||und||
100 _a"Abraham White,Philip Handler,Emil L Smith & Robert H Hill"
245 0 _aPrinciples Of Biochemistry
260 _bMcgraw -hill
_c1978
300 _a1492p
650 _aChemistry
942 _cBK
999 _c2355
_d2355